[Event "59th ch-USA w 2019"]
[Site "Saint Louis USA"]
[Date "2019.03.29"]
[Round "9.3"]
[White "Eswaran, Ashritha"]
[Black "Feng, Maggie"]
[Result "0-1"]
[WhiteTitle "WIM"]
[BlackTitle "FM"]
[WhiteElo "2234"]
[BlackElo "2199"]
[WhiteFideId "2080788"]
[BlackFideId "2078090"]
[EventDate "2019.03.20"]

1. e4 e6 2. d4 d5 3. Nc3 Bb4 4. e5 Ne7 5. a3 Bxc3+ 6. bxc3 c5 7. Qg4 O-O 8. Bd3
Nbc6 9. Qh5 Ng6 10. Nh3 Qc7 11. Be3 c4 12. Bxg6 fxg6 13. Qg4 Qf7 14. Nf4 Ne7 15.
h4 h6 16. Qe2 Nf5 17. h5 gxh5 18. Nxh5 Nxe3 19. Qxe3 Qg6 20. O-O-O Bd7 21. Rh3
Ba4 22. Qd2 Rf5 23. Rdh1 Qxg2 24. R3h2 Qg6 25. f4 Rxh5 26. Rxh5 Rf8 27. R5h2 Qf5
28. Rh4 Be8 29. Rg1 Kh7 30. Qg2 g6 31. Qh2 h5 32. Rg5 Qf7 33. Kb2 Kh6 34. Qd2
Kh7 35. Qe3 Qe7 36. Qe2 b5 37. Qd2 a5 38. Ka2 Bf7 39. Rh1 Be8 40. Rhg1 Bf7 41.
Qg2 Rg8 42. Qg3 b4 43. Qh4 Qd7 44. Rb1 Rb8 45. Rg3 Rb7 46. cxb4 axb4 47. axb4
Qa4+ 48. Ra3 Qxc2+ 49. Rb2 Qd1 50. Qf2 Be8 51. Rb1 Qg4 52. Ra8 Bb5 53. Rg1 Qf5
54. Rg5 Qd3 55. Rg3 Qf5 56. Rc3 g5 57. Qh2 g4 58. Qh4 Rg7 59. Kb2 Bc6 60. Rc8
Ba4 61. Ra8 Bd1 62. Rc1 Bf3 63. Rca1 c3+ 64. Kb3 c2 65. Rc8 Bd1 66. Rc1 g3 67.
Qd8 g2 68. Qh8+ Kg6 69. Rg8 Qf7 70. f5+ exf5 71. Rd8 g1=Q 72. Rd6+ Kg5 73. Qh6+
Kg4 74. Rf6 Qg3+ 75. Kb2 Qa7 76. Ra6 Qxd4+ 77. Ka2 Qc4+ 0-1

[Event "59th ch-USA w 2019"]
[Site "Saint Louis USA"]
[Date "2019.03.29"]
[Round "9.4"]
[White "Nguyen, Emily"]
[Black "Yip, Carissa"]
[Result "0-1"]
[WhiteTitle "WIM"]
[BlackTitle "FM"]
[WhiteElo "2143"]
[BlackElo "2279"]
[WhiteFideId "2054000"]
[BlackFideId "2090732"]
[EventDate "2019.03.20"]

1. d4 g6 2. Nf3 Nf6 3. c4 Bg7 4. g3 O-O 5. Bg2 d5 6. cxd5 Nxd5 7. O-O Nb6 8. Nc3
Nc6 9. e3 Re8 10. Nh4 e5 11. d5 Ne7 12. e4 Bd7 13. Bg5 h6 14. Be3 c6 15. Qb3
cxd5 16. exd5 g5 17. Nf3 Nf5 18. Bc5 Rc8 19. Ne4 Na4 20. Ba3 g4 21. Ne1 Nd4 22.
Qd1 f5 23. Nd6 e4 24. Nxc8 Qxc8 25. Rc1 Qxc1 26. Qxc1 Ne2+ 27. Kh1 Nxc1 28. b3
Bb2 29. Nc2 Bb5 30. bxa4 Bxf1 31. Bxb2 Bxg2+ 32. Kxg2 Nd3 33. Bd4 Rc8 34. d6 Kf7
35. d7 Rd8 36. Ne3 Ke6 37. Bxa7 Rxd7 38. a5 Rc7 39. Nf1 Rc2 40. Be3 h5 41. Kg1
Rxa2 42. Bd2 Ne5 43. Bc3 Nc4 0-1

[Event "59th ch-USA w 2019"]
[Site "Saint Louis USA"]
[Date "2019.03.29"]
[Round "9.6"]
[White "Foisor, Sabina-Francesca"]
[Black "Gorti, Akshita"]
[Result "1-0"]
[WhiteTitle "WGM"]
[BlackTitle "FM"]
[WhiteElo "2276"]
[BlackElo "2272"]
[WhiteFideId "1212915"]
[BlackFideId "2072505"]
[EventDate "2019.03.20"]

1. d4 e6 2. Nf3 d5 3. Bf4 Nf6 4. e3 Bd6 5. Bg3 O-O 6. Bd3 b6 7. Nbd2 Bb7 8. Ne5
Ne4 9. f3 Nxd2 10. Qxd2 f6 11. Ng4 Qe7 12. Bxd6 Qxd6 13. c4 Nd7 14. O-O f5 15.
Nf2 c5 16. dxc5 bxc5 17. Be2 Nb6 18. Rfd1 Qe7 19. Rac1 Rac8 20. Qa5 Ba8 21. b3
Rfd8 22. Qc3 Qc7 23. Qb2 Qb8 24. cxd5 exd5 25. Nd3 Qd6 26. Qe5 c4 27. Qxd6 Rxd6
28. Ne5 cxb3 29. axb3 Re8 30. f4 Re7 31. Rc5 Kf8 32. Bb5 g6 33. Kf2 Kg7 34. g3
Kf6 35. h3 g5 36. Nf3 h6 37. Nd4 Bb7 38. Rdc1 Rd8 39. Bd3 gxf4 40. gxf4 Nc8 41.
Nxf5 Red7 42. Nxh6 Nd6 43. Ng4+ Kg7 44. Ne5 Re7 45. Rg1+ 1-0

[Event "59th ch-USA w 2019"]
[Site "Saint Louis USA"]
[Date "2019.03.30"]
[Round "10.1"]
[White "Zatonskih, Anna"]
[Black "Yu, Jennifer"]
[Result "0-1"]
[WhiteTitle "IM"]
[BlackTitle "FM"]
[WhiteElo "2430"]
[BlackElo "2273"]
[WhiteFideId "14101572"]
[BlackFideId "2078341"]
[EventDate "2019.03.20"]

1. d4 d5 2. c4 c6 3. Nc3 Nf6 4. Nf3 dxc4 5. a4 Bf5 6. Ne5 Nbd7 7. Nxc4 Qc7 8. g3
e5 9. dxe5 Nxe5 10. Bf4 Nfd7 11. Bg2 f6 12. O-O Rd8 13. Qc1 Be6 14. Ne4 Bb4 15.
Rd1 O-O 16. Rd4 a5 17. h4 Nc5 18. Rxd8 Qxd8 19. Nxc5 Bxc5 20. Nxe5 Bxf2+ 21. Kh2
fxe5 22. Bxe5 Bd4 23. Bf4 Qb6 24. Qc2 Bb3 25. Qc1 Qb4 26. Bd2 Qd6 27. Bf4 Qb4
28. Bd2 Qe7 29. Bc3 Be3 30. Qe1 Bf2 31. Qd2 Bxg3+ 32. Kxg3 Qc7+ 33. Kg4 Be6+ 0-1

[Event "59th ch-USA w 2019"]
[Site "Saint Louis USA"]
[Date "2019.03.30"]
[Round "10.2"]
[White "Abrahamyan, Tatev"]
[Black "Foisor, Sabina-Francesca"]
[Result "1-0"]
[WhiteTitle "WGM"]
[BlackTitle "WGM"]
[WhiteElo "2377"]
[BlackElo "2276"]
[WhiteFideId "13301918"]
[BlackFideId "1212915"]
[EventDate "2019.03.20"]

1. e4 e5 2. Nf3 Nc6 3. Bb5 Nf6 4. O-O Nxe4 5. Re1 Nd6 6. Nxe5 Be7 7. Bf1 Nxe5 8.
Rxe5 O-O 9. d4 Bf6 10. Re1 Nf5 11. d5 d6 12. c4 c5 13. dxc6 bxc6 14. Nd2 d5 15.
cxd5 cxd5 16. Nf3 Rb8 17. Rb1 Be6 18. Bd3 Qd6 19. b3 Rfd8 20. Bg5 Bxg5 21. Nxg5
Bd7 22. Rc1 Qh6 23. Nf3 Rbc8 24. Rxc8 Rxc8 25. Bxf5 Bxf5 26. Qxd5 g6 27. h3 Qf4
28. Qd4 Qc7 29. Qf6 Qb6 30. Qh4 h5 31. Qf4 Rd8 32. g4 hxg4 33. hxg4 Be6 34. Ng5
Qd6 35. Nxe6 fxe6 36. Qf6 e5 37. Qxd6 Rxd6 38. Rxe5 Ra6 39. Re2 Kf7 40. Kg2 Kf6
41. f4 Rc6 42. Kf3 Rc3+ 43. Ke4 g5 44. Kd4 Rg3 45. fxg5+ Kf7 46. Re4 Rg2 47. a4
Rc2 48. Kd5 Kg6 49. b4 Kf7 50. Rc4 Rd2+ 51. Kc6 Ke8 52. Kb7 Rd7+ 53. Kb8 a5 54.
b5 Rd6 55. Kc7 Rd7+ 56. Kb6 Rd5 57. Kxa5 Rxg5 58. Ka6 1-0

[Event "59th ch-USA w 2019"]
[Site "Saint Louis USA"]
[Date "2019.03.30"]
[Round "10.3"]
[White "Yip, Carissa"]
[Black "Wang, Annie"]
[Result "0-1"]
[WhiteTitle "FM"]
[BlackTitle "FM"]
[WhiteElo "2279"]
[BlackElo "2304"]
[WhiteFideId "2090732"]
[BlackFideId "2053900"]
[EventDate "2019.03.20"]

1. e4 c5 2. Nf3 d6 3. d4 cxd4 4. Nxd4 Nf6 5. Nc3 Nc6 6. Bg5 e6 7. Qd2 a6 8.
O-O-O Bd7 9. f4 Be7 10. Nf3 b5 11. Bxf6 gxf6 12. Bd3 Qb6 13. Kb1 O-O-O 14. Rhe1
Kb8 15. Bf1 Na5 16. e5 dxe5 17. fxe5 f5 18. Qf4 Bc6 19. g4 Qf2 20. Be2 b4 21.
Rxd8+ Rxd8 22. Rf1 Qc5 23. Nd1 Be4 24. Ne3 b3 25. gxf5 Qb4 26. Ne1 Qa4 27. Bd3
Qxa2+ 28. Kc1 bxc2 0-1

[Event "59th ch-USA w 2019"]
[Site "Saint Louis USA"]
[Date "2019.03.30"]
[Round "10.4"]
[White "Feng, Maggie"]
[Black "Gorti, Akshita"]
[Result "0-1"]
[WhiteTitle "FM"]
[BlackTitle "FM"]
[WhiteElo "2199"]
[BlackElo "2272"]
[WhiteFideId "2078090"]
[BlackFideId "2072505"]
[EventDate "2019.03.20"]

1. Nf3 Nf6 2. g3 d5 3. Bg2 e6 4. O-O Be7 5. c4 O-O 6. d4 Nbd7 7. Qc2 c6 8. b3
Ne4 9. Rd1 a5 10. Ba3 Bxa3 11. Nxa3 f5 12. Qb2 f4 13. Rf1 Qe8 14. Nd2 Qg6 15.
Nab1 Ndf6 16. Nc3 fxg3 17. fxg3 Nd6 18. e4 dxe4 19. Rae1 e3 20. Rxe3 Nf5 21. Rd3
Ng4 22. Nde4 Bd7 23. Qe2 e5 24. dxe5 Nxe5 25. Rdd1 Rae8 26. Qd2 Bc8 27. Nd6 Nxd6
28. Rxf8+ Rxf8 29. Qxd6 Qh5 30. Rf1 Rxf1+ 31. Kxf1 Qf5+ 32. Kg1 Qg5 33. Nd1 Bd7
34. Qd4 h5 35. Qe3 Qxe3+ 36. Nxe3 Kf7 37. Be4 Kf6 38. Kf2 g5 39. Ke2 h4 40. gxh4
gxh4 41. Kf2 Kg5 42. Bc2 Ng4+ 43. Nxg4 Kxg4 44. Bd1+ Kf4 45. Bc2 b5 46. Bd3 b4
47. Ke2 c5 48. Kf2 a4 49. Bb1 axb3 50. axb3 Bg4 51. Bc2 Bf3 52. Ke1 Ke3 53. Bf5
Be4 54. Bxe4 Kxe4 55. Ke2 Kd4 56. Kd2 h3 57. Kc2 Ke3 58. Kb2 Kd3 59. Ka2 Kc2 60.
Ka1 Kxb3 0-1

[Event "59th ch-USA w 2019"]
[Site "Saint Louis USA"]
[Date "2019.03.30"]
[Round "10.6"]
[White "Sharevich, Anna"]
[Black "Nguyen, Emily"]
[Result "1-0"]
[WhiteTitle "WGM"]
[BlackTitle "WIM"]
[WhiteElo "2282"]
[BlackElo "2143"]
[WhiteFideId "13503189"]
[BlackFideId "2054000"]
[EventDate "2019.03.20"]

1. d4 d5 2. c4 c6 3. Nf3 Nf6 4. Nc3 e6 5. g3 dxc4 6. Bg2 b5 7. O-O a6 8. Ne5 Bb7
9. a4 Be7 10. axb5 axb5 11. Rxa8 Bxa8 12. Nxb5 cxb5 13. Bxa8 O-O 14. Bg2 Nd5 15.
Bd2 Qb6 16. e3 f6 17. Nf3 Nc6 18. e4 Ndb4 19. Be3 Rd8 20. Qe2 Na5 21. d5 Bc5 22.
Bxc5 Qxc5 23. dxe6 Nd3 24. e5 fxe5 25. Ng5 Qe7 26. Nf7 Re8 27. Be4 h6 28. Bf5
Nc6 29. Qg4 Qf6 30. Nd6 Rf8 31. Qg6 Qxg6 32. Bxg6 Nxb2 33. Nxb5 Rb8 34. Nc3 Kf8
35. f4 Ke7 36. Be4 Nd4 37. f5 Nb3 38. Nd5+ Kd6 39. f6 gxf6 40. Rxf6 c3 41. e7+
Kc5 42. Rf8 1-0

[Event "59th ch-USA w 2019"]
[Site "Saint Louis USA"]
[Date "2019.03.31"]
[Round "11.1"]
[White "Yu, Jennifer"]
[Black "Yip, Carissa"]
[Result "1-0"]
[WhiteTitle "FM"]
[BlackTitle "FM"]
[WhiteElo "2273"]
[BlackElo "2279"]
[WhiteFideId "2078341"]
[BlackFideId "2090732"]
[EventDate "2019.03.20"]

1. c4 g6 2. Nc3 Bg7 3. g3 e6 4. Bg2 Ne7 5. d4 d5 6. cxd5 exd5 7. Nf3 O-O 8. O-O
Nbc6 9. a3 Nf5 10. e3 a6 11. Ne1 Nce7 12. Nd3 c6 13. b3 Nd6 14. a4 a5 15. Ba3
Re8 16. Re1 Nef5 17. Qc2 h5 18. h3 Nh6 19. Rad1 Bf5 20. Qc1 Rc8 21. Nf4 Kh8 22.
f3 b5 23. Bc5 b4 24. Nce2 Nb7 25. Nd3 Qg5 26. Kf2 Bxd3 27. Rxd3 Nxc5 28. Qxc5
Nf5 29. e4 Bf8 30. Qc1 Qxc1 31. Rxc1 Ng7 32. Rd2 Ne6 33. exd5 cxd5 34. Rxc8 Rxc8
35. f4 Rd8 36. Rc2 Bh6 37. Rc6 h4 38. Ra6 hxg3+ 39. Kxg3 Bg7 40. Rxa5 Nxd4 41.
Nxd4 Bxd4 42. Bxd5 Kg7 43. Rb5 Ba7 44. Kf3 Kf6 45. Ke4 Rb8 46. Rxb8 Bxb8 47. a5
Ke7 48. a6 f6 49. h4 Ba7 50. f5 g5 51. h5 Kf8 52. h6 1-0

[Event "59th ch-USA w 2019"]
[Site "Saint Louis USA"]
[Date "2019.03.31"]
[Round "11.2"]
[White "Foisor, Sabina-Francesca"]
[Black "Zatonskih, Anna"]
[Result "1-0"]
[WhiteTitle "WGM"]
[BlackTitle "IM"]
[WhiteElo "2276"]
[BlackElo "2430"]
[WhiteFideId "1212915"]
[BlackFideId "14101572"]
[EventDate "2019.03.20"]

1. d4 d5 2. Nf3 Nf6 3. c4 e6 4. Nc3 a6 5. Bg5 dxc4 6. a4 h6 7. Bxf6 Qxf6 8. e3
Qd8 9. Bxc4 Be7 10. O-O O-O 11. Qe2 Nc6 12. Rad1 Qe8 13. e4 Nb4 14. Rfe1 Bd7 15.
Bb3 b5 16. Ne5 bxa4 17. Nxd7 Qxd7 18. Bxa4 Qc8 19. Qh5 c5 20. d5 Rd8 21. Re3 Bg5
22. Ree1 Be7 23. g3 Rb8 24. Re3 exd5 25. exd5 Bg5 26. Re4 Rb6 27. d6 g6 28. Qe2
Kg7 29. Re8 Rxe8 30. Bxe8 Bf6 31. d7 Qc7 32. Bxf7 Rb8 33. Be8 Nc6 34. Qe6 Ne5
35. Qxf6+ Kxf6 36. Nd5+ 1-0

[Event "59th ch-USA w 2019"]
[Site "Saint Louis USA"]
[Date "2019.03.31"]
[Round "11.3"]
[White "Gorti, Akshita"]
[Black "Abrahamyan, Tatev"]
[Result "1/2-1/2"]
[WhiteTitle "FM"]
[BlackTitle "WGM"]
[WhiteElo "2272"]
[BlackElo "2377"]
[WhiteFideId "2072505"]
[BlackFideId "13301918"]
[EventDate "2019.03.20"]

1. d4 Nf6 2. c4 e6 3. Nf3 b6 4. g3 Bb7 5. Bg2 Be7 6. O-O O-O 7. Nc3 Ne4 8. Bd2
Bf6 9. Rc1 d6 10. d5 Nxc3 11. Bxc3 Bxc3 12. Rxc3 e5 13. e4 a5 14. Nd2 Nd7 15. f4
c6 16. Nf3 cxd5 17. cxd5 f6 18. Nh4 Nc5 19. Nf5 Bc8 20. Ne3 b5 21. fxe5 fxe5 22.
Rxf8+ Qxf8 23. Rc2 Bd7 24. Rf2 Qe7 25. h4 g6 26. Qd2 a4 27. Nc2 Rf8 28. Rxf8+
Qxf8 29. Qe3 Qc8 30. Nb4 Nb7 31. Qb6 Qc5+ 32. Qxc5 Nxc5 33. Kf2 Kf7 34. Ke3 Ke7
35. Bf1 Kd8 36. Be2 h5 37. Nc2 Kc7 38. Ne1 Kb6 39. Nf3 b4 40. Ng5 a3 41. bxa3
bxa3 42. Kd2 Bb5 43. Bxb5 Kxb5 44. Kc3 Ka4 45. Kc4 Ka5 46. Nf7 Nxe4 47. Kd3 Nxg3
48. Nxd6 Kb6 49. Nc4+ Kc5 50. Nxe5 Kxd5 51. Nxg6 1/2-1/2

[Event "59th ch-USA w 2019"]
[Site "Saint Louis USA"]
[Date "2019.03.31"]
[Round "11.4"]
[White "Wang, Annie"]
[Black "Sharevich, Anna"]
[Result "1/2-1/2"]
[WhiteTitle "FM"]
[BlackTitle "WGM"]
[WhiteElo "2304"]
[BlackElo "2282"]
[WhiteFideId "2053900"]
[BlackFideId "13503189"]
[EventDate "2019.03.20"]

1. d4 d5 2. c4 e6 3. Nc3 Be7 4. Nf3 Nf6 5. g3 O-O 6. Bg2 c6 7. O-O Nbd7 8. b3 b6
9. Bb2 Ba6 10. Nd2 Rc8 11. Re1 b5 12. e4 bxc4 13. bxc4 Rb8 14. Rb1 Nb6 15. exd5
exd5 16. c5 Nc4 17. Nxc4 Bxc4 18. Qa4 Qd7 19. Bc1 Rxb1 20. Nxb1 Bb5 21. Qb4 Bd8
22. Nd2 a5 23. Qb2 Re8 24. Rxe8+ Qxe8 25. Nf3 Bc7 26. Bg5 Ne4 27. Be3 a4 28. Ne1
Ba5 29. Nf3 f6 30. Bf1 Bxf1 31. Kxf1 Qc8 32. Kg2 Bc7 33. Ne1 h6 34. Nd3 Qa6 35.
Qa3 f5 36. f3 Ng5 37. Bf2 Ne6 38. Nb2 Bd8 39. Qe3 Kf7 40. Nd3 Bf6 41. Ne5+ Bxe5
42. Qxe5 Qd3 43. h4 Qc2 44. a3 Qd3 45. Qd6 Qxa3 46. Qxc6 Qb3 47. Qd7+ Kf6 48. c6
a3 49. Qd6 a2 50. c7 Qc4 51. Qd8+ Nxd8 52. cxd8=Q+ Kf7 53. Qd7+ Kg8 54. Qe6+ Kh8
55. h5 a1=Q 56. Qe8+ 1/2-1/2

[Event "59th ch-USA w 2019"]
[Site "Saint Louis USA"]
[Date "2019.03.31"]
[Round "11.6"]
[White "Nguyen, Emily"]
[Black "Eswaran, Ashritha"]
[Result "0-1"]
[WhiteTitle "WIM"]
[BlackTitle "WIM"]
[WhiteElo "2143"]
[BlackElo "2234"]
[WhiteFideId "2054000"]
[BlackFideId "2080788"]
[EventDate "2019.03.20"]

1. d4 Nf6 2. Bg5 d5 3. e3 c5 4. Bxf6 gxf6 5. dxc5 e6 6. Nf3 Bxc5 7. Be2 Nc6 8.
O-O O-O 9. Nbd2 f5 10. c4 dxc4 11. Nxc4 Qf6 12. Qc2 Bd7 13. a3 Rfc8 14. Rad1 Be8
15. b4 Bf8 16. Qb3 Rd8 17. b5 Ne7 18. Nfe5 Rd5 19. f4 Rxb5 20. Qa2 Nd5 21. Rd3
Rc5 22. Bf3 Bb5 23. Qb3 Rac8 24. Rd4 Bxc4 25. Rxc4 Rxc4 26. Nxc4 Rxc4 27. Qxc4
Nxe3 28. Qc8 Qd4 29. g3 Nxf1+ 30. Kxf1 b6 31. Bh5 Qd3+ 32. Kg2 Qxa3 33. Qd7 Qb2+
34. Kh3 Qf6 35. Qxa7 Bc5 36. Qb7 Kg7 37. Kg2 Bd4 38. Kf1 e5 39. fxe5 Bxe5 40.
Bf3 f4 41. g4 Qg6 42. Qe4 Qd6 43. Qd5 Qc7 44. Qc6 Qa7 45. Qb5 Bf6 46. Kg2 Qa2+
47. Qe2 Qa5 48. Qc4 Be5 49. Qd5 Qc3 50. Qb5 Qd4 51. Be2 Qe4+ 52. Bf3 Qe3 53. Qd5
h6 54. Qe4 Qxe4 55. Bxe4 f6 56. Kf3 Kf7 57. Ke2 Ke6 58. Kd3 Bd6 59. h4 Bc5 60.
h5 Ke5 61. Bf3 b5 62. Bd1 b4 63. Bf3 b3 64. Kc3 b2 65. Kxb2 Kd4 66. Kc2 Ke3 67.
Bc6 f3 68. Kd1 Bb4 69. Bb5 Kf2 70. Kc2 Ke1 71. Kd3 f2 72. Ke4 Bd2 73. Kf5 Bg5 0-1